Vybrané problémy kvality života v SR a v krajinách V4

Zameranie na sekundárnu analýzu a čerpanie z údajov nadácie Eurofond. Sledovanie oboch kvalít života, objektívnych a subjektívnych. Analýza kvality života v krajinách Vyšehradskej štvorky na základe vybraných ukazovateľov a zhodnotenie existujúcej situácie v Slovenskej republike.

Enregistré dans:
Détails bibliographiques
Auteur principal: Antalová, Mária, 1952-
Format: Chapitre de livre
Langue:slovaque
Sujets:
Tags: Ajouter un tag
Pas de tags, Soyez le premier à ajouter un tag!

MARC

LEADER 00000naa a2200000 4500
001 0263148
005 20240502074158.7
041 0 |a slo 
044 |a SK 
245 1 0 |a Vybrané problémy kvality života v SR a v krajinách V4  |c Mária Antalová 
520 |a Zameranie na sekundárnu analýzu a čerpanie z údajov nadácie Eurofond. Sledovanie oboch kvalít života, objektívnych a subjektívnych. Analýza kvality života v krajinách Vyšehradskej štvorky na základe vybraných ukazovateľov a zhodnotenie existujúcej situácie v Slovenskej republike. 
610 2 0 |a Vyšehradská štvorka 
610 2 0 |a kvalita života 
610 2 0 |a Slovensko 
100 1 |a Antalová, Mária, 1952-